Kabale University Library Catalogue

Diversity and inclusion in English language education : (Record no. 6245)

MARC details
000 -LEADER
fixed length control field 00810cam a22002298i 4500
003 - CONTROL NUMBER IDENTIFIER
control field OSt
005 - DATE AND TIME OF LATEST TRANSACTION
control field 20260702121949.0
008 - FIXED-LENGTH DATA ELEMENTS--GENERAL INFORMATION
fixed length control field 260702b |||||||| |||| 00| 0 eng d
020 ## - INTERNATIONAL STANDARD BOOK NUMBER
International Standard Book Number 9781032193687
Qualifying information (hardback)
020 ## - INTERNATIONAL STANDARD BOOK NUMBER
International Standard Book Number 9781032169903
Qualifying information (paperback)
020 ## - INTERNATIONAL STANDARD BOOK NUMBER
Canceled/invalid ISBN 9781003258865
Qualifying information (ebook)
040 ## - CATALOGING SOURCE
Original cataloging agency KABLIB
Language of cataloging eng
Description conventions rda
Transcribing agency KABLIB
082 00 - DEWEY DECIMAL CLASSIFICATION NUMBER
Classification number 428.0071
Edition number 23
Item number DIV
245 00 - TITLE STATEMENT
Title Diversity and inclusion in English language education :
Remainder of title supporting learning through research and practice /
Statement of responsibility, etc. Ann-Marie Hunter (editor)
264 #1 - PRODUCTION, PUBLICATION, DISTRIBUTION, MANUFACTURE, AND COPYRIGHT NOTICE
Place of production, publication, distribution, manufacture New York, NY :
Name of producer, publisher, distributor, manufacturer Routledge,
Date of production, publication, distribution, manufacture, or copyright notice c2024
300 ## - PHYSICAL DESCRIPTION
Extent xvii, 230 p. :
Other physical details ill.
Dimensions 23 cm
504 ## - BIBLIOGRAPHY, ETC. NOTE
Bibliography, etc. note Includes bibliographical references, index.
650 #0 - SUBJECT ADDED ENTRY--TOPICAL TERM
Topical term or geographic name entry element English language
650 #0 - SUBJECT ADDED ENTRY--TOPICAL TERM
Topical term or geographic name entry element Inclusive education.
9 (RLIN) 5825
700 1# - ADDED ENTRY--PERSONAL NAME
Personal name Hunter, Ann-Marie,
Relator term editor.
9 (RLIN) 15875
942 ## - ADDED ENTRY ELEMENTS (KOHA)
Source of classification or shelving scheme Dewey Decimal Classification
Koha item type Book
Holdings
Withdrawn status Lost status Source of classification or shelving scheme Damaged status Not for loan Home library Current library Shelving location Date acquired Source of acquisition Total Checkouts Full call number Barcode Date last seen Price effective from Koha item type
    Dewey Decimal Classification     Education Library Education Library Open Access Section 02.07.2026 Purchased   428.0071 DIV 14998 02.07.2026 02.07.2026 Book
    Dewey Decimal Classification     Education Library Education Library Open Access Section 02.07.2026 Purchased   428.0071 DIV 14999 02.07.2026 02.07.2026 Book

Kabale University Library | Kabale University P.O Box 317, Kabale, Uganda
Tel : +256754017033, +256774661503 E-mail : library@kab.ac.ug